[Event "Hradec Kralove Region-chT 2223"]
[Site "Czech Republic"]
[Date "2022.11.13"]
[Round "3.8"]
[White "Koza, Misha"]
[Black "Mares, Ilja"]
[Result "0-1"]
[WhiteElo "1801"]
[BlackElo "1725"]
[PlyCount "56"]
[EventDate "2022.10.09"]
[EventType "team-tourn"]
[EventRounds "11"]
[EventCountry "CZE"]
[SourceTitle "EXT 2024"]
[Source "ChessBase"]
[SourceDate "2023.10.10"]
[SourceVersion "1"]
[SourceVersionDate "2023.10.10"]
[SourceQuality "1"]

1. e4 d6 2. d4 Nf6 3. Nc3 g6 4. Bc4 Bg7 5. Nge2 c6 6. 0-0 b5 7. Bd3 0-0 8. a3 a6 9. f4 e5 10. dxe5 dxe5 11. Be3 Ng4 12. Qd2 exf4 13. Nxf4 Nxe3 14. Rf3 Nc4 15. Qc1 Nxb2 16. Qxb2 Qd4+ 17. Kh1 Qxc3 18. Qxc3 Bxc3 19. Raf1 Be5 20. h3 Bxf4 21. Rxf4 Be6 22. Rd1 Nd7 23. Be2 Rad8 24. Kg1 Ne5 25. Rff1 Bc4 26. Kf2 f5 27. Rxd8 Rxd8 28. exf5 Rd2 0-1

[Event "Hradec Kralove op 7th"]
[Site "Hradec Kralove"]
[Date "2016.10.05"]
[Round "6"]
[White "Mares, Ilja"]
[Black "Kirs, Pavel"]
[Result "1-0"]
[WhiteElo "1781"]
[BlackElo "1550"]
[PlyCount "53"]
[EventDate "2016.10.01"]
[EventType "swiss"]
[EventRounds "9"]
[EventCountry "CZE"]
[SourceTitle "EXT 2017"]
[Source "ChessBase"]
[SourceDate "2016.10.25"]
[SourceVersion "1"]
[SourceVersionDate "2016.10.25"]
[SourceQuality "1"]

1. e4 e5 2. Nf3 Nc6 3. Bc4 Bc5 4. 0-0 Nf6 5. d3 h6 6. c3 d6 7. d4 exd4 8. cxd4 Bb6 9. h3 0-0 10. Nc3 Re8 11. Re1 Ba5 12. Bd3 a6 13. a3 b5 14. b4 Bb6 15. Be3 Bb7 16. Qc2 Re7 17. Qd2 Qf8 18. Qc2 Qd8 19. Rad1 Qe8 20. Qb1 Na7 21. Nd2 Rd8 22. f3 Nc6 23. Nb3 Qf8 24. Ne2 Bc8 25. Qc1 Bb7 26. Ng3 Bc8 27. Qxc6 1-0

[Event "CZE-ch Seniors 60"]
[Site "Rychnov nad Kneznou"]
[Date "2015.08.18"]
[Round "4"]
[White "Mares, Ilja"]
[Black "Portych, Vaclav"]
[Result "1/2-1/2"]
[WhiteElo "1787"]
[BlackElo "1890"]
[PlyCount "21"]
[EventDate "2015.08.15"]
[EventType "swiss"]
[EventRounds "9"]
[EventCountry "CZE"]
[SourceTitle "EXT 2016"]
[Source "ChessBase"]
[SourceDate "2015.10.08"]
[SourceVersion "1"]
[SourceVersionDate "2015.10.08"]
[SourceQuality "1"]

1. c4 c5 2. Nf3 Nf6 3. g3 g6 4. Bg2 Nc6 5. d4 cxd4 6. Nxd4 Qb6 7. Nxc6 dxc6 8. Nc3 Bg7 9. b3 0-0 10. 0-0 Re8 11. Re1 1/2-1/2

[Event "Hradec Kralove op"]
[Site "Hradec Kralove"]
[Date "2012.05.15"]
[Round "5"]
[White "Mares, Ilja"]
[Black "Kolibik, Jan"]
[Result "1/2-1/2"]
[WhiteElo "1813"]
[BlackElo "1679"]
[PlyCount "77"]
[EventDate "2012.05.12"]
[EventType "swiss"]
[EventRounds "9"]
[EventCountry "CZE"]
[SourceTitle "CBM 148 Extra"]
[Source "ChessBase"]
[SourceDate "2012.06.22"]
[SourceVersion "1"]
[SourceVersionDate "2012.06.22"]
[SourceQuality "1"]

1. Nf3 Nf6 2. c4 e6 3. Nc3 d5 4. d4 c6 5. e3 Nbd7 6. Bd3 dxc4 7. Bxc4 Bb4 8. 0-0 0-0 9. a3 Bxc3 10. bxc3 b5 11. Bd3 a6 12. Qc2 h6 13. Ne5 Bb7 14. a4 Nxe5 15. dxe5 Nd7 16. f4 Qb6 17. a5 Qa7 18. Qf2 Rfd8 19. Ba3 c5 20. Bc2 Bc6 21. Rfd1 Qb7 22. Rd6 c4 23. Rad1 Qc7 24. Bb4 Nf8 25. e4 Rxd6 26. exd6 Qb7 27. Re1 Nd7 28. f5 e5 29. g4 Qa7 30. Qxa7 Rxa7 31. Kf2 f6 32. h4 Ra8 33. Rg1 Kf7 34. Ke3 Rh8 35. Bd1 Bb7 36. Bf3 Nb8 37. g5 hxg5 38. hxg5 Nd7 39. g6+ 1/2-1/2

[Event "Hradec Kralove op"]
[Site "Hradec Kralove"]
[Date "2012.05.12"]
[Round "1"]
[White "Mares, Ilja"]
[Black "Rosko, Lubos"]
[Result "0-1"]
[WhiteElo "1813"]
[BlackElo "2321"]
[PlyCount "66"]
[EventDate "2012.05.12"]
[EventType "swiss"]
[EventRounds "9"]
[EventCountry "CZE"]
[SourceTitle "CBM 148 Extra"]
[Source "ChessBase"]
[SourceDate "2012.06.22"]
[SourceVersion "1"]
[SourceVersionDate "2012.06.22"]
[SourceQuality "1"]

1. Nf3 Nf6 2. c4 g6 3. Nc3 Bg7 4. e4 d6 5. d4 0-0 6. Be2 e5 7. dxe5 dxe5 8. Bg5 Nbd7 9. 0-0 h6 10. Bxf6 Qxf6 11. Nd5 Qd8 12. Qc2 c6 13. Nc3 Nc5 14. Rad1 Qe7 15. b4 Ne6 16. c5 Nd4 17. Qb2 Be6 18. Nd2 b5 19. Bd3 a5 20. a3 f5 21. Bb1 axb4 22. axb4 f4 23. f3 Kh8 24. Bd3 g5 25. Ra1 Rad8 26. Be2 h5 27. Ra5 Qd7 28. Rd1 g4 29. Nf1 Rg8 30. Kh1 Bf6 31. Rda1 gxf3 32. Bxf3 Nxf3 33. gxf3 Qd4 0-1

[Event "Nachod op"]
[Site "Nachod"]
[Date "2006.07.03"]
[Round "3"]
[White "Mares, Ilja"]
[Black "Mojzis, Jan"]
[Result "0-1"]
[WhiteElo "1892"]
[BlackElo "2199"]
[PlyCount "32"]
[EventDate "2006.07.01"]
[EventType "swiss"]
[EventRounds "9"]
[EventCountry "CZE"]
[SourceTitle "CBM 113 Extra"]
[Source "ChessBase"]
[SourceDate "2006.09.14"]
[SourceVersion "1"]
[SourceVersionDate "2006.09.14"]
[SourceQuality "1"]

1. e4 e6 2. d4 d5 3. Nd2 Nf6 4. e5 Nfd7 5. Bd3 c5 6. c3 Nc6 7. Ne2 cxd4 8. cxd4 Qb6 9. Nf3 f6 10. exf6 Nxf6 11. 0-0 Bd6 12. Re1 0-0 13. a3 e5 14. dxe5 Nxe5 15. Nxe5 Bxe5 16. h3 Ng4 0-1

[Event "Nachod op"]
[Site "Nachod"]
[Date "2006.07.02"]
[Round "2"]
[White "Ringel, Zbynek"]
[Black "Mares, Ilja"]
[Result "1-0"]
[WhiteElo "2228"]
[BlackElo "1892"]
[PlyCount "55"]
[EventDate "2006.07.01"]
[EventType "swiss"]
[EventRounds "9"]
[EventCountry "CZE"]
[SourceTitle "CBM 113 Extra"]
[Source "ChessBase"]
[SourceDate "2006.09.14"]
[SourceVersion "1"]
[SourceVersionDate "2006.09.14"]
[SourceQuality "1"]

1. d4 Nf6 2. Nf3 g6 3. c4 Bg7 4. Nc3 0-0 5. e4 d6 6. Be2 c6 7. Be3 Nbd7 8. 0-0 Qc7 9. Ne1 e5 10. d5 Ne8 11. Nd3 f5 12. f3 Ndf6 13. Rc1 f4 14. Bf2 c5 15. b4 b6 16. a4 a6 17. a5 Nd7 18. axb6 Nxb6 19. bxc5 Nxc4 20. Na4 Ne3 21. Bxe3 fxe3 22. cxd6 Qxd6 23. Rc6 Qb8 24. Ndc5 Rf6 25. Qc2 Rxc6 26. dxc6 Qd6 27. Rd1 Qxc6 28. Bc4+ 1-0

[Event "Janske Lazne op-A"]
[Site "Janske Lazne"]
[Date "2006.05.05"]
[Round "4"]
[White "Rychna, Lukas"]
[Black "Mares, Ilja"]
[Result "1-0"]
[WhiteElo "2046"]
[BlackElo "1882"]
[PlyCount "53"]
[EventDate "2006.??.??"]
[EventType "swiss"]
[EventRounds "9"]
[EventCountry "CZE"]
[SourceTitle "EXT 2008"]
[Source "ChessBase"]
[SourceDate "2007.11.25"]
[SourceVersion "1"]
[SourceVersionDate "2007.11.25"]
[SourceQuality "1"]

1. e4 d6 2. d4 g6 3. Nc3 Bg7 4. Nf3 Nf6 5. Be3 c6 6. Qd2 0-0 7. Bh6 Qa5 8. Bxg7 Kxg7 9. h3 b5 10. Bd3 b4 11. Ne2 Ba6 12. g4 e5 13. dxe5 dxe5 14. h4 Rd8 15. Ng3 Bxd3 16. cxd3 Nbd7 17. h5 Nxg4 18. Qg5 Ndf6 19. Nf5+ Kf8 20. hxg6 fxg6 21. Rxh7 Qc5 22. Rh8+ Kf7 23. Nh6+ Ke6 24. Nxg4 Rxh8 25. Qxf6+ Kd7 26. Ngxe5+ Kc7 27. Qg7+ 1-0

[Event "Hradec Kralove Region-chT 0506"]
[Site "Czech Republic"]
[Date "2005.12.11"]
[Round "4.4"]
[White "Mares, Ilja"]
[Black "Tejkal, Lubomir"]
[Result "0-1"]
[WhiteElo "1882"]
[BlackElo "2111"]
[PlyCount "54"]
[EventDate "2005.10.23"]
[EventType "team-tourn"]
[EventRounds "11"]
[EventCountry "CZE"]
[SourceTitle "EXT 2024"]
[Source "ChessBase"]
[SourceDate "2023.10.10"]
[SourceVersion "1"]
[SourceVersionDate "2023.10.10"]
[SourceQuality "1"]
[WhiteTeam "Lipa II"]
[BlackTeam "Vrchlabi"]
[WhiteTeamCountry "CZE"]
[BlackTeamCountry "CZE"]

1. e4 e6 2. d4 d5 3. Nd2 a6 4. Bd3 c5 5. c3 cxd4 6. cxd4 Nc6 7. Ne2 Qb6 8. Nf3 Bb4+ 9. Bd2 Nf6 10. e5 Ne4 11. Bc3 f5 12. exf6 Nxf6 13. 0-0 Bd6 14. Rc1 0-0 15. Ng3 Bd7 16. Ne5 Be8 17. Qd2 Bxe5 18. dxe5 Nd7 19. Qc2 g6 20. a3 Ndxe5 21. Bxe5 Nxe5 22. Be2 Nc6 23. Bg4 Nd4 24. Qc7 Qxc7 25. Rxc7 Bc6 26. Re1 Rae8 27. Ne2 Nb5 0-1